| 000 | 00558nam a22001697a 4500 | ||
|---|---|---|---|
| 999 |
_c23392 _d23392 |
||
| 003 | BDDh-ASL | ||
| 005 | 20231015030231.0 | ||
| 008 | 210324s1998 ii ||||| |||| 00| 0 eng d | ||
| 040 |
_aBDDh-ASL _cBDDh-ASL |
||
| 082 |
_a909.3056 _bSHM |
||
| 100 | 1 |
_93519 _aSharma, Geetesh |
|
| 245 | 1 | 0 | _aMan God and Religion / |
| 260 |
_aCalcutta: _bModel Publishing House, _c1998. |
||
| 300 |
_a79 p. : _c22 cm. |
||
| 650 | 0 |
_aReligion, ধর্ম, Dharma, faith, creed, law, worship, property, আস্তিকতা, দীন _xMan _xGod _92606 |
|
| 942 |
_2ddc _cBK |
||